| 000 | 01680nam a22002897a 4500 | ||
|---|---|---|---|
| 005 | 20170123164158.0 | ||
| 008 | 161031b xxu||||| |||| 00| 0 eng d | ||
| 010 | _aB-082415 | ||
| 020 |
_c150.00 _a817380799 |
||
| 035 | _aB-082415 | ||
| 037 | _bCen Lib/Ret | ||
| 040 |
_aDPL _bHN |
||
| 082 |
_a821 _bਵਾਜਪਾ |
||
| 245 |
_aਅਟਲ ਬਿਹਾਰੀ ਵਾਜਪਾਈ ਦੀਆਂ ਚੋਣਵੀਆਂ ਕਵਿਤਾਵਾਂ / _cਸੰਪਾਦਕ ਚੰਦ੍ਰਿਕਾਪ੍ਰਸਾਦ ਸ਼ਰਮਾ ; ਅਨੁਵਾਦਕ ਜਸਬੀਰ ਸਿੰਘ ਅਾਹਲੂਵਾਲੀਆ ਅਤੇ ਸਤੀਸ਼ ਕੁਮਾਰ ਵਰਮਾ |
||
| 246 |
_aAtal bihari vajpayee dian chonvian kavitavan : Punjabi / _bbased on the poetry book edited by Chandrika Prasad Sharma ; translated by Jasbir Singh Ahluwalia and Satish Kumar Verma |
||
| 260 |
_aਪਟਿਆਲਾ _bਪਬਲੀਕੇਸ਼ਨ ਬਿਊਰੋ ਪੰਜਾਬ ਯੂਨੀਵਰਸਿਟੀ _c2002 |
||
| 270 |
_aਪਬਲੀਕੇਸ਼ਨ ਬਿਊਰੋ ਪੰਜਾਬ ਯੂਨੀਵਰਸਿਟੀ _bਪਟਿਆਲਾ |
||
| 300 |
_a76p ; _c16cm(Hb) |
||
| 650 |
_aਪੰਜਾਬੀ ਸਾਹਿਤ _9138954 |
||
| 650 |
_aਪੁਨਾਜ੍ਬੀ ਕਾਵ ਰਚਨਾ _984396 |
||
| 650 |
_aPunjabi literature _9138955 |
||
| 650 |
_aPunjabi poetry composition _9138956 |
||
| 700 |
_aਅਾਹਲੂਵਾਲੀਆ, ਜਸਬੀਰ ਸਿੰਘ _946993 |
||
| 700 |
_aਸ਼ਰਮਾ, ਚੰਦ੍ਰਿਕਾਪ੍ਰਸਾਦ _945068 |
||
| 700 |
_aਵਰਮਾ, ਸਤੀਸ਼ ਕੁਮਾਰ _9138957 |
||
| 942 |
_2ddc _cPN _h821 _mਵਾਜਪਾ |
||
| 999 |
_c110888 _d110888 |
||